000 00320nam a22001337a 4500
008 181121b xxu||||| |||| 00| 0 eng d
020 _a2740357233659
041 _aeng
080 _a070
100 _a25
101 _aMED
245 _aInterpersonal Community In Practice And Context
_cGambile.K
942 _2udc
_cBK
999 _c52280
_d52280